000 00307nam a2200133 i 4500
001 bg
100 1 _aMAURIN, Henri
245 0 _aProgrammation linearne applique /
_cHenri Maurin.
260 _aParis,
_c1967.
040 _cBPK
041 _apol
942 _cKS
008 s pl f |000 0 pol
999 _c27291
_d27291
856 _uhttp://koha.tu.koszalin.pl/cgi-bin/koha/opac-detail.pl?biblionumber=27291
_yKatalog online BPK